Normal view MARC view
  • Miller, J. C.

Entry Personal Name

Number of records used in: 4

001 - CONTROL NUMBER

  • control field: 890

003 - CONTROL NUMBER IDENTIFIER

  • control field: NUST

005 - DATE AND TIME OF LATEST TRANSACTION

  • control field: 20170516124233.0

008 - FIXED-LENGTH DATA ELEMENTS

  • fixed length control field: 170516|| aca||aabn | a|a d

040 ## - CATALOGING SOURCE

  • Original cataloging agency: NUST
  • Transcribing agency: NUST

100 ## - HEADING--PERSONAL NAME

  • Personal name: Miller, J. C.
  • Fuller form of name: (Jane Charlotte)

670 ## - SOURCE DATA FOUND

  • Source citation: Work cat.: (NUST)0: Miller, J. N. (James N.), 1943- 888, Statistics and chemometrics for analytical chemistry /, 2005.
© 2023 Central Library, National University of Sciences and Technology. All Rights Reserved.